| 000 | 00540nam a2200169Ia 4500 | ||
|---|---|---|---|
| 003 | GCL | ||
| 008 | 140319s9999 xx 000 0 ara d | ||
| 040 |
_aGCL / _cGCL |
||
| 082 | 0 | 4 |
_a610.9 _bج ا |
| 100 | 1 | _aالجمعية السورية لتاريخ العلوم | |
| 245 | 1 | 0 |
_aابحاث المؤتمر السنوى الثانى / _cالجمعية السورية لتاريخ العلوم |
| 300 | _a312 | ||
| 490 |
_a100 قصة _v0 |
||
| 650 | 0 | 4 | _aالطب العربى |
| 650 | 0 | 4 | _aالعلوم عند العرب |
| 942 |
_2ddc _cBK |
||
| 999 |
_c44127 _d44127 |
||